Frances McDormand Movies - Sudden Death - Statistics

General Stats
  • This quiz has been taken 31 times
    25 since last reset
  • The average score is 5 of 16
Answers on the Grid
Answers color-coded by a green-red scale on the quiz's grid according to % correct below.
Fargo
Forrest Gump
Three Billboards Outside Ebbing, Missouri
Fantastic Mr. Fox
Nomadland
North Country
Madagascar 3: Europe's Most Wanted
O Brother, Where Art Thou?
No Country for Old Men
Almost Famous
Blood Simple
The Good Dinosaur
A Serious Man
The Silence of the Lambs
Mississippi Burning
The Blind Side
Moonrise Kingdom
Toy Story 3
The Tragedy of Macbeth
Darkman
Lost in Translation
Little Miss Sunshine
Argo
The Royal Tennenbaums
JFK
Transformers: Dark of the Moon
Lady Bird
Monsters vs. Aliens
Burn After Reading
Short Cuts
L.A. Confidential
Primal Fear
 
Answer Stats
Answer % Correct
Fargo
100%
Three Billboards Outside Ebbing, Missouri
88%
Nomadland
75%
Burn After Reading
38%
Moonrise Kingdom
38%
North Country
25%
The Tragedy of Macbeth
25%
Almost Famous
19%
Blood Simple
19%
Mississippi Burning
19%
Madagascar 3: Europe's Most Wanted
13%
Primal Fear
13%
Transformers: Dark of the Moon
13%
Darkman
6%
The Good Dinosaur
6%
Short Cuts
0%
No matching quizzes found
Score Distribution
Percent of People with Each Score
Percentile by Number Answered
Your Score History
You have not taken this quiz since the last reset